Southville International School and Colleges
Your cart is empty.
  • Cart
  • Lists
    Public lists Eva Luna New books Lux_list list_1
    Your lists Log in to create your own lists
  • Log in to your account
  • Your cookies
  • Search history
Southville International School and Colleges
  • Advanced search
  • Recent comments
  • Most popular
  • Libraries

Log in to your account

Log in with GOOGLE


If you do not have an external account, but do have a local account, you can still log in:

  1. Home
  2. MARC view: Your active child :
Normal view MARC view ISBD view

Your active child : (Record no. 356725)

[ view plain ]
MARC details
000 -LEADER
fixed length control field 00757nam a2200253Ia 4500
008 - FIXED-LENGTH DATA ELEMENTS--GENERAL INFORMATION
fixed length control field 180523s9999 xx 000 0 und d
020 ## - INTERNATIONAL STANDARD BOOK NUMBER
International Standard Book Number 0-07-140558-5
050 ## - LIBRARY OF CONGRESS CALL NUMBER
Classification number MAIN GV 443
050 ## - LIBRARY OF CONGRESS CALL NUMBER
Item number .P53 2003
100 ## - MAIN ENTRY--PERSONAL NAME
Personal name Pica, Rae.
245 #0 - TITLE STATEMENT
Title Your active child :
245 #0 - TITLE STATEMENT
Remainder of title how to boost physical, emotional, and cognitive development through age-approriate activity /
245 #0 - TITLE STATEMENT
Statement of responsibility, etc Rae Pica.
260 ## - PUBLICATION, DISTRIBUTION, ETC. (IMPRINT)
Place of publication, distribution, etc Chicago :
260 ## - PUBLICATION, DISTRIBUTION, ETC. (IMPRINT)
Name of publisher, distributor, etc Contemporary books,
260 ## - PUBLICATION, DISTRIBUTION, ETC. (IMPRINT)
Date of publication, distribution, etc 2003
300 ## - PHYSICAL DESCRIPTION
Extent 243 pages :
300 ## - PHYSICAL DESCRIPTION
Dimensions 23 cm.
500 ## - GENERAL NOTE
General note Includes bibliographical references and index.
650 ## - SUBJECT ADDED ENTRY--TOPICAL TERM
Topical term or geographic name as entry element Children -- Health and hygiene.
650 ## - SUBJECT ADDED ENTRY--TOPICAL TERM
Topical term or geographic name as entry element Physical fitness for children.
650 ## - SUBJECT ADDED ENTRY--TOPICAL TERM
General subdivision Cognitive learning.
650 ## - SUBJECT ADDED ENTRY--TOPICAL TERM
General subdivision Movement education.
Holdings
Withdrawn status Lost status Damaged status Home library Current library Shelving location Date acquired Cost, normal purchase price Total Checkouts Full call number Barcode Date last seen Price effective from Koha item type
      South Mansfield College South Mansfield College   03/07/2005 1.00   MAIN GV 443 .P53 2003 SMC01880 05/23/2018 05/23/2018  

Your active child :

APA

Pica R., .Your active child. Chicago: .

Chicago

Pica Rae, .Your active child. Chicago: .

Harvard

Pica R., .Your active child. Chicago: .

MLA

Pica Rae, .Chicago: . .

  • Place hold
  • Print
  • Cite
  • Add to your cart (remove)
  • Save record
    BIBTEX Dublin Core MARCXML MARC (non-Unicode/MARC-8) MARC (Unicode/UTF-8) MARC (Unicode/UTF-8, Standard) MODS (XML) RIS
  • More searches
    Search for this title in:
    Other Libraries (WorldCat) Other Databases (Google Scholar) Online Stores (Bookfinder.com) Open Library (openlibrary.org)

Exporting to Dublin Core...

SOUTHVILLE LIBRARY

Southville International School and Colleges Library

1281 Tropical Ave. Cor. Luxembourg St., BF Homes International, Las Pinas City

Tel. No. 8256374 / 252358 Loc. 117/146

Powered by Koha